书目信息 |
| 题名: |
智能化仪器原理及应用
|
|
| 作者: | 曹建平 主编 | |
| 分册: | ||
| 出版信息: | 西安 西北电子科技大学出版社 2004.08 |
|
| 页数: | 220页 | |
| 开本: | 26cm | |
| 丛书名: | ||
| 单 册: | ||
| 中图分类: | TP23 | |
| 科图分类: | ||
| 主题词: | 自动化装置 , 自动化设备 | |
| 电子资源: | ||
| ISBN: | 7-5606-1420-5 | |
| 000 | 00640nam0 2200217 450 | |
| 001 | 0636998667 | |
| 005 | 20060613084819.25 | |
| 010 | @a7-5606-1420-5@dCNY16.00 | |
| 100 | @a20060610d2004 km y0chiy0120 ea | |
| 101 | 0 | @achi |
| 102 | @aCN@b610000 | |
| 200 | 1 | @a智能化仪器原理及应用@Azhi neng hua yi qi yuan li ji ying yong@f曹建平主编@Fcao jian ping zhu bian |
| 210 | @a西安@c西北电子科技大学出版社@d2004.08 | |
| 215 | @a220页@d26cm | |
| 300 | @a高职高专规划系列教材 | |
| 606 | 0 | @a自动化装置 |
| 606 | 0 | @a自动化设备 |
| 690 | @aTP23@v4 | |
| 701 | 0 | @a曹建平@Acao jian ping@4主编 |
| 801 | 0 | @aCN@bPFT@c20060613 |
| 905 | @aBZT@dTP23@e1@f6 | |
| 智能化仪器原理及应用/曹建平主编.-西安:西北电子科技大学出版社,2004.08 |
| 220页;26cm |
| 高职高专规划系列教材 |
| ISBN 7-5606-1420-5:CNY16.00 |
| ● |
| 相关链接 |
|
|
|
正题名:智能化仪器原理及应用
索取号:TP23/1
 
预约/预借
| 序号 | 登录号 | 条形码 | 馆藏地/架位号 | 状态 | 备注 |
| 1 | 0446398 | 230003604 | 样本书库/样005架A面4层3列/ [索取号:TP23/1] | 在馆 | |
| 2 | 0446399 | 230003605 | 中心书库中库/ 中库028架B面4列1层40/ [索取号:TP23/1] | 在馆 | |
| 3 | 0446400 | 230003606 | 中心书库中库/ 中库028架B面4列4层35/ [索取号:TP23/1] | 在馆 | |
| 4 | 0446401 | 230003607 | 中心书库中库/ 中库028架B面4列1层38/ [索取号:TP23/1] | 在馆 | |
| 5 | 0446402 | 230003608 | 中心书库中库/ 中库028架B面4列1层37/ [索取号:TP23/1] | 在馆 | |
| 6 | 0446403 | 230003609 | 中心书库中库/ 中库028架B面4列1层39/ [索取号:TP23/1] | 在馆 |